00898cam a2200241 b 4500001000200000003000200002005001700004008003100021020001500052040002700067082002600094100002900120245023500149250003400384260003300418300002000451650003600471650002300507700002500530700002700555700003400582700004000616  20231012113916.0980522s2002 mx | ||| ||spa  a9706861947 aBPMSU bspacBPMSU e  4a519.5bW716e 20022221 aMendenhall, William. d 10aEstadística matemática con aplicaciones / cWilliam Mendenhall III, Dennis D. Wackerly, Richard L. Scheaffer ; traducción Jorge Yescas Milanés ; revisión Alejandro Alegría Hernández, Esperanza Sáinz Robles. h b  a6a. ed.bedición revisada.  aMéxico : bThomson, c2002 a853 p. ;c25 cm 4aEstadística matemática. 2  4aProbabilidades.2 1 aWackerly, Dennis D. 1 aScheaffer, Richard L. 1 aYescas Milanés, Jorge,etr.1 aCabañas Chávez, Rocío, eed.